| 000 | 00439nam a2200157 i 4500 | ||
|---|---|---|---|
| 001 | 25431 | ||
| 003 | ES-MaACL | ||
| 005 | 20230906153250.0 | ||
| 007 | t| | ||
| 008 | 021226s1961 sp ||||1| spa d | ||
| 100 | 1 |
_aArgumosa, Miguel Angel de. _922735 |
|
| 245 | 1 | 3 |
_aEl fruto / _cMiguel Angel de Argumosa. |
| 260 |
_aMadrid : _b[s.n., _c1961] ( _fIndus. Gráf. Iruma) |
||
| 300 |
_a55 p. ; _c14 cm. |
||
| 852 |
_aES-MaACL _jC-20880 _bR.48159 |
||
| 999 |
_c25431 _d25431 |
||